00741nam a2200217Ia 4500003000400000005001700004008004100021020001500062040002900077050002200106100002800128245009300156260007300249300004400322650002500366650002100391650002000412650002800432650004500460651001800505OSt20221025133246.0221021s9999||||xx |||||||||||||| ||und|| a1558151435 cChuka University Library aHC 125b.E44 1992 aElías, Víctor Jorge 0a Sources of growth: ba study of seven Latin American economies/cVíctor Jorge Elías aCalifornia:bInternational Center for Economics Growth Press,c1992. axx, 254 pages: billustrations; c23 cm aEconomic development aEconomic history aEconomic policy aIndustrial productivity aLatin America economic conditionsy1945- aLatin America